000 01074nam a2200277 i 4500
001 102913
003 ES-MaBCM
005 20241016135759.0
008 041126s1977 ita 000 0 ita d
021 _axx
035 _a(OCoLC)851284915
035 _a(OCoLC)851284915
040 _cES-MaBCM
041 0 _aita
043 _aita
245 0 0 _aAspetti e tendenze del diritto costituzionale
_b: scritti in onore di Costantino Mortati
260 _aMilano :
_bGiuffrè,
_c1977
300 _av.
_c25 cm
440 0 _aUniversità di Roma
_9104238
_pPubblicazioni dell'istituto di Studi Giuridici della Facoltà di Scienze Politiche. Serie
_nV
_v22
505 1 _aI. Diritto costituzionale generale. Storia costituzionale e politica costituzionale.- XXVI, 866 p.
505 0 _aIII. Lo Stato-comunità. Le autonomie dei singoli e delle formazioni sociali. Le autonomie influenti sulla politica generale dello Stato.- 1254 p.
600 1 4 _aMortati, Costantino
_932574
650 7 _aDerecho constitucional
_958302
700 1 _aMortati, Costantino
_932574
942 _cBK
999 _c102913
_d102913